| 000 | 00361nam a2200133Ia 4500 | ||
|---|---|---|---|
| 008 | 210430s9999 xx 000 0 und d | ||
| 020 | _a940-940-940-940 | ||
| 082 | _a662.2 H589 T | ||
| 100 | _aJohn G Hetherington | ||
| 245 |
_aTerminal Ballistics _cJohn G Hetherington |
||
| 260 |
_aphotocopy _bJohn G Hetherington _c2010 |
||
| 300 | _a52p | ||
| 942 |
_cBK _2ddc |
||
| 999 |
_c562079 _d562079 |
||